000 00649nam a22002057a 4500
003 OSt
005 20140310182106.0
008 130824t xxu||||| |||| 00| 0 eng d
020 _a1853046531
020 _a9781853046537
050 _aPR 2819
_b.Sh527 1984
082 _aHS 822.33T3
_bS527b 1984
100 _aShakespeare,William, 1564-1616
245 _aKing Lear :
_bthe complete version of the original play /
_cWilliam Shakespeare ; illustrated by Ian Pollock ; edited by David Gibson.
260 _aLondon :
_bRavette Books,
_c1984.
300 _a140 p. ;
_bill. col. ;
_c25 cm.
650 _aTragedies
_913112
942 _2lcc
999 _c9295
_d9295